Hacia una Federación de Autonomías Ibéricas (F.A.I) / (Record no. 16895)
[ view plain ]
| 000 -LEADER | |
|---|---|
| campo de control de longitud fija | 01942nam a2200349 i 4500 |
| 001 - NÚMERO DE CONTROL | |
| campo de control | 16895 |
| 003 - IDENTIFICADOR DE NÚMERO DE CONTROL | |
| campo de control | ES-MaACL |
| 005 - FECHA Y HORA DE LA ÚLTIMA TRANSACCIÓN | |
| campo de control | 20260526165533.0 |
| 007 - CAMPO FIJO DE DESCRIPCIÓN FÍSICA--INFORMACIÓN GENERAL | |
| campo de control de longitud fija | t| |
| 008 - DATOS DE LONGITUD FIJA--INFORMACIÓN GENERAL | |
| campo de control de longitud fija | 001120m19451984fr ||||1| spa d |
| 080 ## - NÚMERO DE LA CLASIFICACIÓN DECIMAL UNIVERSAL | |
| Número de la Clasificación Decimal Universal | 323.172(460) |
| 080 ## - NÚMERO DE LA CLASIFICACIÓN DECIMAL UNIVERSAL | |
| Número de la Clasificación Decimal Universal | 329.285 |
| 100 1# - ENTRADA PRINCIPAL--NOMBRE DE PERSONA | |
| Nombre de persona | Aláiz, Felipe. |
| 9 (RLIN) | 19091 |
| 245 10 - MENCIÓN DEL TÍTULO | |
| Título | Hacia una Federación de Autonomías Ibéricas (F.A.I) / |
| Mención de responsabilidad, etc. | Felipe Aláiz. |
| 260 ## - PUBLICACIÓN, DISTRIBUCIÓN, ETC. | |
| Lugar de publicación, distribución, etc. | Bordeaux : |
| Nombre del editor, distribuidor, etc. | Tierra y Libertad, |
| Fecha de publicación, distribución, etc. | 1945-1984. |
| 300 ## - DESCRIPCIÓN FÍSICA | |
| Extensión | 20 v. ; |
| Dimensiones | 21 cm. |
| 505 8# - NOTA DE CONTENIDO CON FORMATO | |
| Nota de contenido con formato | Contiene: 1. Nueva maldición del practicismo - 2. España social federal - 3. El municipio español desde la época de Roma - 4. La federación local es el municipio - 5. El municipio mandatario de su asamblea abierta - 6. Excursión reclusiana por la España fluvial - 7. Excursión reclusiana por la España árida - 8. Las costas de la península ibérica - 9. Cultura metódica de base funcional - 10. Economía federable - 11. Sentido actual de la cooperativa - 12. Arte accesible - 13. Cifra y prueba de la vida local española - 14. Carta municipal acordada - 15. Urbanismo - 16. Las ideas universales en el pensamiento español - 17. País Vasco y Cataluña - 18. Relación sociable de los pueblos ibéricos - 19. Por una Iberia vertebrada - 20. Conclusiones |
| 610 24 - PUNTO DE ACCESO ADICIONAL DE MATERIA--NOMBRE DE ENTIDAD CORPORATIVA | |
| Nombre de entidad corporativa o nombre de jurisdicción como elemento de entrada | Federación Anarquista Ibérica. |
| 9 (RLIN) | 172559 |
| 650 #4 - PUNTO DE ACCESO ADICIONAL DE MATERIA--TÉRMINO DE MATERIA | |
| Término de materia o nombre geográfico como elemento de entrada | Anarquismo- |
| Subdivisión geográfica | España- |
| Subdivisión cronológica | S.XX. |
| 9 (RLIN) | 141771 |
| 650 #4 - PUNTO DE ACCESO ADICIONAL DE MATERIA--TÉRMINO DE MATERIA | |
| Término de materia o nombre geográfico como elemento de entrada | Movimiento obrero- |
| Subdivisión geográfica | España- |
| Subdivisión cronológica | S.XX. |
| 9 (RLIN) | 15216 |
| 650 #4 - PUNTO DE ACCESO ADICIONAL DE MATERIA--TÉRMINO DE MATERIA | |
| Término de materia o nombre geográfico como elemento de entrada | Ríos- |
| Subdivisión geográfica | España. |
| 9 (RLIN) | 142267 |
| 650 #7 - PUNTO DE ACCESO ADICIONAL DE MATERIA--TÉRMINO DE MATERIA | |
| Término de materia o nombre geográfico como elemento de entrada | Anarquismo |
| Fuente del encabezamiento o término | embne |
| 9 (RLIN) | 9783 |
| 650 #4 - PUNTO DE ACCESO ADICIONAL DE MATERIA--TÉRMINO DE MATERIA | |
| Término de materia o nombre geográfico como elemento de entrada | Regiones áridas- |
| Subdivisión geográfica | España. |
| 9 (RLIN) | 172557 |
| 650 #4 - PUNTO DE ACCESO ADICIONAL DE MATERIA--TÉRMINO DE MATERIA | |
| Término de materia o nombre geográfico como elemento de entrada | Costas- |
| Subdivisión geográfica | Península Ibérica. |
| 9 (RLIN) | 172558 |
| 650 #4 - PUNTO DE ACCESO ADICIONAL DE MATERIA--TÉRMINO DE MATERIA | |
| Término de materia o nombre geográfico como elemento de entrada | Cooperativas- |
| Subdivisión geográfica | España. |
| 9 (RLIN) | 163138 |
| 650 #4 - PUNTO DE ACCESO ADICIONAL DE MATERIA--TÉRMINO DE MATERIA | |
| Término de materia o nombre geográfico como elemento de entrada | Federalismo- |
| Subdivisión geográfica | España. |
| 9 (RLIN) | 12739 |
| 650 #4 - PUNTO DE ACCESO ADICIONAL DE MATERIA--TÉRMINO DE MATERIA | |
| Término de materia o nombre geográfico como elemento de entrada | Relaciones administración central-administraciones regionales- |
| Subdivisión geográfica | España. |
| 9 (RLIN) | 168598 |
| 651 #4 - PUNTO DE ACCESO ADICIONAL DE MATERIA--NOMBRE GEOGRÁFICO | |
| Nombre geográfico | España- |
| Subdivisión general | Comunidades autónomas. |
| 9 (RLIN) | 153185 |
| 852 ## - LOCALIZACIÓN | |
| Ubicación | ES-MaACL |
| Número de control de estantería | 2158-F-1-20 |
| 942 ## - ELEMENTOS DE ENTRADA SECUNDARIOS (KOHA) | |
| Fuente del sistema de clasificación o colocación | Clasificación decimal universal |
| Estatus retirado | Estado de pérdida | Estado de daño | No para préstamo | Colección | Biblioteca de origen | Biblioteca actual | Ubicación en estantería | Fecha de adquisición | Fuente de adquisición | Total de préstamos | Signatura topográfica completa | Código de barras | Visto por última vez | Precio de reemplazo | Tipo de ítem Koha |
|---|---|---|---|---|---|---|---|---|---|---|---|---|---|---|---|
| Colección de folletos | Biblioteca del Ateneo de Madrid | Biblioteca del Ateneo de Madrid | Depósito folletos | 17/01/2008 | 2158-F-1-20 | 1017160 | 23/02/2023 | 23/02/2023 | Folleto |
